[Event "Club Championships B Grade"]
[Site "Wellington Chess Club"]
[Date "2020.10.22"]
[Round "4.3"]
[White "Robinson, Max"]
[Black "Symon, Christopher"]
[Result "1-0"]
[WhiteElo "1808"]
[BlackElo "1500"]

1. d4 f5 2. c4 Nf6 3. Nc3 c6 4. Nf3 d5 5. Bg5 e6 6. e3 Bd6 7. Bd3 O-O 8. O-O
Nbd7 9. cxd5 cxd5 10. Rc1 a6 11. Qb3 Qe8 12. Rc2 Qh5 13. Bf4 Bxf4 14. exf4 Qg4
15. Ne2 Ne4 16. Ne5 Qh5 17. Rfc1 Nef6 18. f3 g5 19. Ng3 Qh4 20. Bxf5 exf5 21.
Nxf5 Qxf4 22. Ne7+ Kg7 23. Qd3 Nxe5 24. dxe5 Qxe5 25. Nxc8 Qe6 26. Rc7+ Rf7 27.
Qc3 Rxc7 28. Qxc7+ Kh6 29. h4 Qe3+ 30. Kh1 gxh4 31. Ne7 Qg5 32. Re1 Re8 33. Re5
Rxe7 34. Qxe7 Qc1+ 35. Kh2 Qf4+ 36. Kg1 h3 37. Re6 Kg6 38. Qd6 Qc1+ 39. Kh2
Qxb2 40. Qg3+ Kf7 41. Re3 d4 42. Rb3 Qxa2 43. Rxb7+ Ke6 44. Qxh3+ Kd6 45. Qg3+
Kc5 46. Qc7+ Kd5 47. Qf7+ 1-0

[Event "Club Championships B Grade"]
[Site "Wellington Chess Club"]
[Date "2020.10.22"]
[Round "4.4"]
[White "Rudykh, Dmitry"]
[Black "He, Caleb"]
[Result "0-1"]
[WhiteElo "1500"]
[BlackElo "1862"]

1. e4 c5 2. Bc4 g6 3. h3 Bg7 4. a3 Nc6 5. c3 e6 6. d3 Nge7 7. Nf3 O-O 8. O-O d5
9. Ba2 b6 10. Bg5 Qd6 11. Qc1 Bb7 12. Rd1 dxe4 13. dxe4 Qc7 14. Nbd2 Rfd8 15.
Bh4 Ne5 16. Qc2 Nxf3+ 17. Nxf3 Rxd1+ 18. Rxd1 Rd8 19. Bc4 Rxd1+ 20. Qxd1 Bxe4
21. Bb5 Bc6 22. Bg3 Qc8 23. a4 f6 24. Bc4 Kf7 25. Qd3 Bxa4 26. Ba6 Qd7 27. Qc4
Bc6 28. Qh4 Nf5 29. Qxh7 Qd1+ 30. Kh2 Bxf3 31. Bb5 Bb7 32. Be8+ Kxe8 33. Qg8+
Ke7 34. Bd6+ Qxd6+ 35. g3 Qd1 36. Qb8 Qh1# 0-1

[Event "Club Championships B Grade"]
[Site "Wellington Chess Club"]
[Date "2020.10.22"]
[Round "4.5"]
[White "Webster, Jamie"]
[Black "Stannard, Bobby"]
[Result "1/2-1/2"]
[WhiteElo "1747"]
[BlackElo "1504"]

1. e4 e6 2. d4 d5 3. Nc3 Bb4 4. e5 c5 5. a3 cxd4 6. Qg4 dxc3 7. axb4 cxb2 8.
Bxb2 g6 9. Bd3 b6 10. Nf3 Bb7 11. Nd4 Nc6 12. Bb5 Ne7 13. Rd1 a6 14. Bxc6+ Nxc6
15. Nf3 Qe7 16. c3 O-O 17. h4 Rad8 18. h5 d4 19. hxg6 fxg6 20. Bc1 dxc3 21.
Rxd8 Nxd8 22. Bg5 Qf7 23. Bf6 Bxf3 24. Qxf3 c2 25. Qc3 Qd7 26. Qxc2 Qc6 27.
Qxg6+ hxg6 28. Rh8+ Kf7 29. Rh7+ Kg8 30. Rh8+ Kf7 31. Rh7+ Kg8 1/2-1/2

[Event "Club Championships B Grade"]
[Site "Wellington Chess Club"]
[Date "2020.10.22"]
[Round "4.6"]
[White "Lanaquera, Abraham"]
[Black "Stracy, Don"]
[Result "0-1"]
[WhiteElo "1500"]
[BlackElo "1696"]

1. d4 Nf6 2. Nf3 d5 3. h3 g6 4. e3 Bg7 5. c4 O-O 6. Nc3 b6 7. Bd3 Bb7 8. O-O
Nbd7 9. b4 c5 10. b5 Re8 11. a4 e5 12. dxe5 Nxe5 13. Bb2 Nxc4 14. Bxc4 dxc4 15.
Re1 Qxd1 16. Raxd1 Rad8 17. Rxd8 Rxd8 18. e4 Nxe4 19. Nxe4 Bxb2 20. Neg5 Bf6
21. Ne4 Bg7 22. Re3 Bxe4 23. Rxe4 0-1

[Event "Club Championships B Grade"]
[Site "Wellington Chess Club"]
[Date "2020.10.22"]
[Round "4.7"]
[White "Marney, John"]
[Black "Yu, Johnson"]
[Result "1-0"]
[WhiteElo "1660"]
[BlackElo "1193"]

1. e4 c5 2. Nf3 Nc6 3. d4 cxd4 4. Nxd4 e5 5. Nb5 d6 6. N1c3 Nf6 7. Bg5 a6 8.
Na3 b5 9. Nd5 Qa5+ 10. c3 Nxe4 11. Be3 Rb8 12. Bd3 Nc5 13. Be2 Be6 14. Nc2 Bxd5
15. Qxd5 Qc7 16. Rd1 Be7 17. Bf3 Nd8 18. O-O Nde6 19. Nb4 Rc8 20. Nc6 e4 21.
Nxe7 Qxe7 22. Bxe4 Nxe4 23. Qxe4 O-O 24. Rd2 Rfd8 25. Rfd1 Rc4 26. Qf3 Qc7 27.
Qg3 f5 28. Bd4 Nxd4 29. Rxd4 Rxd4 30. Rxd4 a5 31. Qf3 Qe7 32. Qd5+ Kh8 33. g3
b4 34. Qxa5 bxc3 35. Qxc3 Qb7 36. Rd2 h5 37. h4 Rc8 38. Qd3 Rc1+ 39. Rd1 Qxb2
{Draw offered.} 40. Rxc1 Qxc1+ 41. Kg2 Qc6+ 42. Qf3 Qe4 43. Qxe4 fxe4 44. a4 d5
45. a5 d4 46. Kf1 Kh7 47. a6 Kg6 48. a7 Kf5 49. a8=Q Ke5 50. Qa5+ 1-0

[Event "Club Championships B Grade"]
[Site "Wellington Chess Club"]
[Date "2020.10.22"]
[Round "4.8"]
[White "Loke, Kayden"]
[Black "Ackroyd, William"]
[Result "0-1"]
[WhiteElo "1500"]
[BlackElo "1439"]

1. e4 c6 2. d4 d5 3. exd5 cxd5 4. Nf3 Nf6 5. Bd3 Bg4 6. h3 Bh5 7. O-O Nc6 8. c3
e6 9. Nbd2 Bd6 10. Re1 O-O 11. Qc2 Rc8 12. Ng5 h6 13. Ngf3 Nb4 14. Qb1 Nxd3 15.
Qxd3 Bg6 16. Qe2 Nh5 17. Ne5 Nf4 18. Qg4 Bxe5 19. dxe5 Nd3 20. Re3 d4 21. Rxd3
Bxd3 22. Qxd4 Qxd4 23. cxd4 Rc2 24. Nf3 Rfc8 25. Be3 Rxb2 26. Nd2 Rcc2 27. a4
Rxd2 28. Bxd2 Rxd2 29. d5 exd5 30. Rc1 Rc2 31. Ra1 Bc4 32. Rb1 b6 33. f4 d4 34.
Rd1 d3 35. g4 d2 36. Kf2 Bb3 37. Ke2 Bxa4 38. h4 Bd7 39. f5 g6 40. e6 fxe6 41.
fxg6 e5 42. Rxd2 Rxd2+ 43. Kxd2 Bxg4 44. Ke3 a5 45. Ke4 Bf5+ 46. Kxe5 a4 47.
Kd4 Bxg6 48. Kc3 b5 49. Kb4 Kf7 50. Ka3 Ke6 51. Kb4 Kd5 52. Kc3 a3 53. Kb3 b4
54. Ka2 Kc4 55. h5 Bxh5 56. Kb1 b3 57. Kc1 Bg6 58. Kd2 a2 59. Ke3 a1=N 60. Kf4
b2 61. Ke5 b1=N 62. Kf6 h5 63. Kg5 Kd4 64. Kh4 Ke4 65. Kg5 Kf3 66. Kxg6 h4 67.
Kf5 h3 68. Ke6 h2 69. Kd5 h1=R 70. Kd4 Re1 71. Kd5 Kf4 72. Kc4 Rd1 73. Kb4 Rc1
74. Ka4 Ke4 75. Kb4 Kd5 76. Ka4 Rc8 77. Kb4 Rc7 78. Kb5 Rb7+ 79. Ka6 Rb2 80.
Ka5 Kc4 81. Ka6 Kc5 82. Ka7 Kc6 83. Ka8 Kc7 84. Ka7 Ra2# 0-1

[Event "Club Championships B Grade"]
[Site "Wellington Chess Club"]
[Date "2020.10.22"]
[Round "4.9"]
[White "Lyall, Gordon"]
[Black "Adair, Danny"]
[Result "1-0"]
[WhiteElo "1944"]
[BlackElo "1500"]

1. Nf3 c5 2. b3 Nc6 3. Bb2 d6 4. g3 Nf6 5. Bg2 g6 6. O-O Bg7 7. d3 O-O 8. Nbd2
Rb8 9. e4 Qc7 10. Qc1 b5 11. a4 a6 12. Re1 e5 13. Nf1 Ng4 14. h3 Nh6 15. g4 f5
16. g5 Nf7 17. Ne3 Be6 18. axb5 axb5 19. Qd1 Qd7 20. h4 h6 21. Ra6 hxg5 22.
exf5 gxf5 23. Nxg5 Nb4 24. Nxe6 Qxe6 25. Ra7 f4 26. Nf1 Qg6 27. Nh2 d5 28. Kh1
Qb6 29. Rxf7 Rxf7 30. Bxe5 Re8 31. Bxg7 Rxe1+ 32. Qxe1 Kxg7 33. Ng4 f3 34. Bh3
Kf8 35. Ne5 Nxc2 36. Qd2 Qf6 37. Nxf7 Qxh4 38. Qh6+ Qxh6 39. Nxh6 Ne1 40. Bf5
c4 41. bxc4 dxc4 42. dxc4 bxc4 43. Ng4 Ke7 44. Kg1 Kd6 45. Kf1 Ng2 46. Ne3 Ke5
47. Bg6 Nf4 48. Bh7 Kd4 49. Bf5 c3 50. Kg1 Kc5 51. Kh2 Ne2 52. Kh3 Kb4 53. Kg4
Nd4 54. Nc2+ 1-0

[Event "Club Championships B Grade"]
[Site "Wellington Chess Club"]
[Date "2020.10.22"]
[Round "4.11"]
[White "Laking, Julian"]
[Black "Chen, Wei Kai"]
[Result "0-1"]
[WhiteElo "1500"]
[BlackElo "1931"]

1. e4 c6 2. Nf3 d5 3. exd5 cxd5 4. d4 Nc6 5. Bb5 Nf6 6. O-O Bg4 7. c3 Qb6 8.
Be2 e6 9. Qc2 Bd6 10. Be3 O-O 11. Ne5 Bxe2 12. Qxe2 Qc7 13. f4 Rab8 14. Nd2 b5
15. b3 Ne7 16. c4 bxc4 17. bxc4 dxc4 18. Ndxc4 Nf5 19. Rac1 Nxe3 20. Qxe3 Nd5
21. Qe4 Rfc8 22. Nxd6 Qxd6 23. Qd3 Rxc1 24. Rxc1 Nxf4 25. Qd2 Qxd4+ 26. Qxd4
Ne2+ 27. Kf1 Nxd4 28. Rc7 f6 29. Nd3 a5 30. Ra7 Rb5 31. Kf2 e5 32. Ke3 h6 33.
a4 Nf5+ 34. Ke4 Nd6+ 35. Ke3 Rb3 36. Rd7 Nc4+ 37. Ke4 Kh7 38. Nf2 Kg6 39. h4
Re3+ 40. Kd5 Nb6+ 0-1

[Event "Club Championships B Grade"]
[Site "Wellington Chess Club"]
[Date "2020.10.22"]
[Round "4.12"]
[White "Asher, Bruce"]
[Black "Hall, Nathan"]
[Result "0-1"]
[WhiteElo "1187"]
[BlackElo "1871"]

1. d4 e6 2. c4 Nf6 3. Nc3 Bb4 4. Bd2 O-O 5. Nf3 d5 6. a3 Bxc3 7. Bxc3 dxc4 8.
Qa4 b6 9. Qxc4 Ba6 10. Qa4 Qd7 11. Qxd7 Nbxd7 12. g3 Rac8 13. Bg2 Rfd8 14. b4
c5 15. a4 cxb4 16. Bxb4 Rc2 17. Nd2 Rdc8 18. Kd1 Ng4 19. Rf1 Nxh2 20. Rh1 Ng4
21. Rf1 Ndf6 22. f4 Ne3+ 23. Ke1 Nfg4 24. Ba3 Nxg2+ 0-1

[Event "Club Championships B Grade"]
[Site "Wellington Chess Club"]
[Date "2020.10.22"]
[Round "4.13"]
[White "Osborne, Geoff"]
[Black "Hurndell, Robert"]
[Result "0-1"]
[WhiteElo "1287"]
[BlackElo "1623"]

1. Nf3 Nf6 2. g3 c6 3. Bg2 d5 4. d3 Nbd7 5. O-O e5 6. Nbd2 Bd6 7. e4 O-O 8. Nh4
Re8 9. Nf5 Nf8 10. Nxd6 Qxd6 11. Qe2 Bg4 12. Nf3 Ne6 13. c3 d4 14. c4 h6 15. h3
Bh5 16. Kh2 b5 17. b3 bxc4 18. bxc4 Rab8 19. Bh1 Rb7 20. Rg1 Reb8 21. g4 Bg6
22. g5 hxg5 23. Nxg5 Nf4 24. Qf1 Bh5 25. Bxf4 exf4 26. Bf3 Bg6 27. Re1 Qa3 28.
Qg2 Rb2 29. Nxf7 Qxa2 30. Qxg6 Rxf2+ 31. Bg2 Kf8 32. Rgf1 f3 33. Rxf2 Qxf2 34.
Rg1 fxg2 35. Nd6 Qf4+ 36. Qg3 Nh5 37. Qxf4+ Nxf4 38. Nf5 Rb2 39. h4 Rf2 40. Kg3
Rf1 41. Kh2 Rf3 42. Ng3 Rxg3 43. Kxg3 Ne2+ 44. Kxg2 Nxg1 45. Kxg1 a5 0-1

[Event "Club Championships B Grade"]
[Site "Wellington Chess Club"]
[Date "2020.10.22"]
[Round "4.14"]
[White "Stannard, Lars"]
[Black "Cooke, Xandi"]
[Result "1/2-1/2"]
[WhiteElo "1552"]
[BlackElo "1444"]

1. d4 Nf6 2. Nf3 d5 3. e3 Bf5 4. Bd3 Qd7 5. h3 Qc6 6. Ng5 Qd7 7. Nc3 Nc6 8. a3
h6 9. Nf3 a6 10. Qe2 Qe6 11. Bxf5 Qxf5 12. O-O e5 13. dxe5 Nxe5 14. Nxe5 Qxe5
15. Qd3 c6 16. b4 Bd6 17. f4 Qe6 18. Bb2 O-O 19. Rfe1 Ne4 20. Nxe4 Qxe4 21. Qc3
f6 22. Re2 Rae8 23. Rae1 Rf7 24. Qd2 Rfe7 1/2-1/2

[Event "Club Championships B Grade"]
[Site "Wellington Chess Club"]
[Date "2020.10.22"]
[Round "4.15"]
[White "Cameron, Will"]
[Black "Ibbotson, Matt"]
[Result "1-0"]
[WhiteElo "1315"]
[BlackElo "1500"]

1. e4 c5 2. Nf3 d6 3. d4 cxd4 4. Nxd4 e5 5. Nb3 a6 6. Nc3 Nf6 7. Bg5 Nc6 8. Qf3
Be7 9. Bxf6 Bxf6 10. Nd5 Be6 11. O-O-O Bg5+ 12. Kb1 Rc8 13. a3 O-O 14. h4 Bh6
15. g4 g6 16. h5 Qg5 17. Be2 Ne7 18. Nxe7+ Qxe7 19. hxg6 fxg6 20. Qg3 Bf4 21.
Qh3 Qc7 22. Na1 Qf7 23. b3 Rc6 24. Rd3 h5 25. f3 Rfc8 26. Qh4 Kg7 27. gxh5 Rh8
28. Rg1 Rxh5 29. Qxh5 a5 30. a4 Rc8 31. Rxd6 Rh8 32. Qxh8+ Kxh8 33. Rh1+ Kg7
34. Bb5 Qe7 35. Rhd1 Qf6 36. Bd7 Be3 37. Bxe6 Qxf3 38. Rd7+ Kh6 39. c3 Qxe4+
40. Nc2 Bf4 41. Bd5 Qe2 42. Bxb7 e4 43. Re1 Qf2 44. Bxe4 Bd2 45. Rh1+ Kg5 46.
Rd5+ Kf4 47. Bxg6 Qg2 48. Rh4+ Kg3 49. Rdh5 Qf1+ 50. Ka2 Bxc3 51. Rh3+ Kg4 52.
Rxc3 Qf6 1-0

[Event "Club Championships B Grade"]
[Site "Wellington Chess Club"]
[Date "2020.10.22"]
[Round "4.16"]
[White "Keay, Matt"]
[Black "Dunn, Nikita"]
[Result "1-0"]
[WhiteElo "1500"]
[BlackElo "1500"]

1. e4 e5 2. Nf3 Nc6 3. Bc4 Bc5 4. c3 Nf6 5. d3 d5 6. exd5 Nxd5 7. O-O Bg4 8. a4
f5 9. b4 Qd6 10. bxc5 Qxc5 11. Re1 O-O-O 12. Ba3 Qa5 13. Bxd5 Qxd5 14. c4 Qd4
15. Nxd4 Bxd1 16. Nxc6 Rxd3 17. Nxe5 Re8 18. Nxd3 Re2 19. Rxd1 g5 20. Nc3 Rc2
21. Rac1 Rxc1 22. Rxc1 h6 23. Re1 b6 24. c5 h5 25. a5 f4 26. axb6 axb6 27. cxb6
cxb6 28. Re7 Kd8 29. Ne5 b5 30. Bd6 Kc8 31. Nc6 f3 32. Rc7# 1-0

[Event "Club Championships B Grade"]
[Site "Wellington Chess Club"]
[Date "2020.10.22"]
[Round "4.17"]
[White "Langford, Josh"]
[Black "Darr, Samuel"]
[Result "1-0"]
[WhiteElo "1413"]
[BlackElo "1652"]

1. e4 e6 2. Nf3 d5 3. Nc3 Nf6 4. e5 Nfd7 5. d4 c5 6. Bg5 f6 7. exf6 gxf6 8. Bh4
Be7 9. Bd3 cxd4 10. Nxd4 Nc5 11. Qh5+ Kd7 12. Bg3 e5 13. Bf5+ Kc7 14. Ncb5+ Kb6
15. a4 exd4 16. Bc7+ Qxc7 17. Nxc7 Kxc7 18. Bxc8 Rxc8 19. Qxh7 Nc6 20. b4 Rh8
21. Qf7 Raf8 22. Qxd5 Nxb4 23. Qc4 Re8 24. O-O Nc6 25. Rfe1 Bd6 26. Rxe8 Rxe8
27. Qf7+ Re7 28. Qxf6 Nxa4 29. g4 Nc5 30. g5 d3 31. cxd3 Be5 32. Qf5 Bxa1 33.
Qxc5 Rg7 34. h4 Bd4 35. Qf5 Ne5 36. Qe4 Rf7 37. Kh1 Rxf2 38. g6 Rf1+ 39. Kg2
Rg1+ 40. Kh3 Nc6 41. h5 Be5 42. h6 a5 43. Qd5 Kb6 44. Qe4 a4 45. Qe3+ Bd4 46.
Qxg1 Bxg1 47. g7 Ne7 48. h7 1-0

[Event "Club Championships B Grade"]
[Site "Wellington Chess Club"]
[Date "2020.10.22"]
[Round "4.18"]
[White "Farrington, Lawrence"]
[Black "Rudykh, Richard"]
[Result "1-0"]
[WhiteElo "1639"]
[BlackElo "1500"]

1. e4 e5 2. Nf3 Nc6 3. Nc3 a6 4. Bc4 Nf6 5. O-O Nd4 6. Nxe5 c5 7. Nxf7 Qe7 8.
Nxh8 g6 9. e5 d5 10. exd6 Qxd6 11. Re1+ Kd8 12. Nf7+ Kd7 13. Nxd6 Kxd6 14. d3
b5 15. Bb3 a5 16. a4 b4 17. Ne4+ Nxe4 18. Rxe4 Nxb3 19. cxb3 Bb7 20. Bf4+ Kd7
21. Rc1 Bxe4 22. dxe4+ Ke6 23. f3 Be7 24. Kf2 Rd8 25. Qxd8 Bxd8 26. Ke2 Kd7 27.
Rxc5 g5 28. Bg3 h6 29. Kd3 Bb6 30. Kc4 h5 31. Rxg5 Kc6 32. e5 Bd8 33. f4 h4 34.
Bf2 Bb6 35. Bxb6 Kxb6 36. Rg6+ Kc7 37. Ra6 Kb7 38. Kd5 Kxa6 39. e6 Kb6 40. e7
Kc7 41. e8=Q Kb6 42. Qb5+ Kc7 43. Qc6+ Kd8 44. Qa8+ Ke7 45. Qb7+ Kf6 46. Qc6+
Kf5 47. Qc4 Kg4 48. Ke5 h3 49. gxh3+ Kxh3 50. f5 Kxh2 51. Qe2+ Kg3 52. Ke4 Kh4
53. Kf4 Kh3 54. Qg4+ Kh2 55. Kf3 Kh1 56. Qg2# 1-0

[Event "Club Championships B Grade"]
[Site "Wellington Chess Club"]
[Date "2020.10.29"]
[Round "5.1"]
[White "Laking, Robert"]
[Black "Robinson, Max"]
[Result "1-0"]
[WhiteElo "1944"]
[BlackElo "1808"]

1. d4 Nf6 2. c4 g6 3. Nc3 Bg7 4. e4 d6 5. f3 O-O 6. Nge2 a5 7. Ng3 e5 8. d5
Nfd7 9. Be3 f5 10. exf5 gxf5 11. Bf2 Nc5 12. Be2 Nbd7 13. Qc2 Nf6 14. Bxc5 dxc5
15. Bd3 e4 16. fxe4 f4 17. Nf1 Ng4 18. O-O-O Bd4 19. e5 Nf2 20. Bxh7+ Kh8 21.
Rxd4 cxd4 22. Qxf2 dxc3 23. Bd3 Qg5 24. h4 Qxe5 25. bxc3 Qxc3+ 26. Bc2 Bf5 27.
Qe2 Rae8 28. Qh5+ Bh7 29. Qxh7# 1-0

[Event "Club Championships B Grade"]
[Site "Wellington Chess Club"]
[Date "2020.10.29"]
[Round "5.2"]
[White "Van der Hoorn, Thomas"]
[Black "Marney, John"]
[Result "1/2-1/2"]
[WhiteElo "1522"]
[BlackElo "1660"]

1. e4 e5 2. Nf3 Nc6 3. Bb5 Bc5 4. c3 Nf6 5. d3 d6 6. Bg5 h6 7. Bh4 Bd7 8. Nbd2
g5 9. Bg3 Nh5 10. Nc4 Nf4 11. Bxf4 exf4 12. d4 Bb6 13. Qd3 Qe7 14. d5 g4 15.
Nfd2 Nb8 16. Nxb6 axb6 17. a3 Bxb5 18. Qxb5+ Nd7 19. O-O-O Ra5 20. Qb4 Nc5 21.
Nb3 Ra4 22. Qb5+ Qd7 23. Qxd7+ Nxd7 24. Rhe1 Ne5 25. Nd4 Kd7 26. f3 gxf3 27.
Nxf3 f6 28. h3 Rg8 29. Nh4 Rg3 30. Re2 Re3 31. Rxe3 fxe3 32. Rd4 Rxd4 33. cxd4
Nd3+ 34. Kd1 Nxb2+ 35. Ke2 Nc4 36. Kd3 Nxa3 37. Kxe3 c5 38. dxc6+ bxc6 39. Nf5
c5 40. dxc5 dxc5 41. Nxh6 Nc4+ 42. Kd3 Ne5+ 43. Kc3 b5 44. Nf5 b4+ 45. Kb3 Ke6
46. Ne3 Kd6 47. h4 Ke6 48. h5 Nf7 49. Ng4 Ng5 50. h6 Ke7 51. Kc4 Kf7 52. e5
fxe5 53. Nxe5+ Kg8 54. Kxc5 b3 55. Nd3 Kh7 56. Kb4 Kxh6 57. Kxb3 Ne4 58. Kc4
Kg5 59. Kd4 Nf6 60. Ke3 Kg4 61. Kf2 1/2-1/2

[Event "Club Championships B Grade"]
[Site "Wellington Chess Club"]
[Date "2020.10.29"]
[Round "5.3"]
[White "Stracy, Don"]
[Black "Carroll, Lewis"]
[Result "0-1"]
[WhiteElo "1696"]
[BlackElo "1681"]

1. e4 e5 2. Nf3 Nc6 3. Bb5 a6 4. Ba4 Nf6 5. O-O Be7 6. Re1 b5 7. Bb3 O-O 8. a4
Bb7 9. d3 d6 10. Nc3 Na5 11. Ba2 b4 12. Ne2 c5 13. Ng3 c4 14. dxc4 Rc8 15. b3
Bc6 16. Bd2 Rb8 17. Rc1 Qb6 18. Qe2 Nb7 19. c3 bxc3 20. Bxc3 Nc5 21. Nd2 Bd7
22. h3 Bc6 23. Kh2 Ne8 24. Nf5 Bg5 25. h4 Bxd2 26. Bxd2 Bxe4 27. Ne7+ Kh8 28.
f3 Bd3 29. Qe3 Qd8 30. Qg5 h6 31. Ng6+ Bxg6 0-1

[Event "Club Championships B Grade"]
[Site "Wellington Chess Club"]
[Date "2020.10.29"]
[Round "5.4"]
[White "He, Caleb"]
[Black "Lyall, Gordon"]
[Result "1/2-1/2"]
[WhiteElo "1862"]
[BlackElo "1944"]

1. c4 c6 2. g3 Nf6 3. Bg2 d5 4. Nf3 e6 5. O-O Nbd7 6. Qc2 Bd6 7. d4 O-O 8. b3
Ne4 9. Nc3 f5 10. Bb2 Qe7 11. e3 g5 12. Nxe4 fxe4 13. Ne5 Nxe5 14. dxe5 Ba3 15.
f3 Bxb2 16. Qxb2 exf3 17. Rxf3 Rxf3 18. Bxf3 Bd7 19. Rf1 Rf8 20. Kg2 Be8 21. e4
dxc4 22. bxc4 c5 23. Rd1 Qf7 24. Qe2 Qg7 25. Qb2 g4 26. Be2 Bc6 27. Bd3 Rd8 28.
Qe2 h5 29. h3 gxh3+ 30. Kxh3 Qxe5 31. Bc2 Rf8 32. Rh1 Rf7 33. Kg2 Rg7 34. Qf3
Rg4 35. Rh4 Qg5 36. Kh3 e5 37. Rxg4 Bd7 38. Kg2 Bxg4 39. Qd3 Qe7 40. Bd1 Kg7
41. Bxg4 hxg4 1/2-1/2

[Event "Club Championships B Grade"]
[Site "Wellington Chess Club"]
[Date "2020.10.29"]
[Round "5.5"]
[White "Wevers, Alexis"]
[Black "Webster, Jamie"]
[Result "1-0"]
[WhiteElo "1830"]
[BlackElo "1747"]

1. d4 d5 2. Bf4 c5 3. e3 Nc6 4. Nd2 e6 5. Ngf3 Nf6 6. Bb5 Bd6 7. Bxc6+ bxc6 8.
Ne5 Qc7 9. O-O O-O 10. Nb3 Ba6 11. Re1 cxd4 12. exd4 c5 13. Rc1 Rab8 14. dxc5
Bxc5 15. Ng6 Bd6 16. Bxd6 Qxd6 17. Nxf8 Kxf8 18. c4 Rb4 19. c5 Qc7 20. Qd2 Ng4
21. g3 Rxb3 22. axb3 Qc6 23. Qf4 Nf6 24. Qd6+ Qxd6 25. cxd6 1-0

[Event "Club Championships B Grade"]
[Site "Wellington Chess Club"]
[Date "2020.10.29"]
[Round "5.7"]
[White "Symon, Christopher"]
[Black "Ashe, Michael"]
[Result "1-0"]
[WhiteElo "1500"]
[BlackElo "1748"]

1. Nf3 d5 2. c4 d4 3. d3 Nc6 4. g3 e5 5. Bg2 Nf6 6. O-O Be7 7. e3 O-O 8. Re1
Rb8 9. a3 b5 10. cxb5 Rxb5 11. Qa4 Rb6 12. exd4 exd4 13. Bf4 Ba6 14. Qc2 Nd5
15. Ne5 Nxe5 16. Bxe5 c5 17. Nd2 f6 18. Bxd4 cxd4 19. Bxd5+ Qxd5 20. Rxe7 Bb7
21. Qc4 Rxb2 22. Rd7 Qxc4 23. Nxc4 Bc6 24. Rd6 Rb3 25. Rxc6 Rxd3 26. Rd6 Rc8
27. Na5 Rcc3 28. Nc6 Rc4 29. Nb4 Rd2 30. Rd8+ Kf7 31. Rd7+ Kg6 32. Rxa7 d3 33.
Rd7 Rc3 34. Kg2 Rb3 35. Rd4 Kf5 36. Kf3 g5 37. Re1 h5 38. Re3 g4+ 39. Kg2 Rbb2
40. Nxd3 Ra2 41. Rf4+ Kg5 42. Nc5 Rac2 43. Ne4+ 1-0

[Event "Club Championships B Grade"]
[Site "Wellington Chess Club"]
[Date "2020.10.29"]
[Round "5.8"]
[White "Ackroyd, William"]
[Black "Keay, Matt"]
[Result "0-1"]
[WhiteElo "1439"]
[BlackElo "1500"]

1. e4 e5 2. Nf3 Nc6 3. Bb5 a6 4. Ba4 Nf6 5. O-O b5 6. Bb3 Bc5 7. c3 d5 8. exd5
Nxd5 9. d4 exd4 10. cxd4 Bb4 11. Qc2 Bb7 12. Qe4+ Nce7 13. Ng5 Rb8 14. Nxh7 Qd6
15. Qh4 Kd8 16. Bc2 Nf6 17. Bf4 Qc6 18. Qg3 Qxc2 19. Rc1 Qxc1+ 20. Bxc1 Rxh7
21. Nc3 Bd6 22. Qd3 Rxh2 23. f3 Kd7 24. Ne4 Nxe4 25. fxe4 Rbh8 26. Kf2 R8h4 0-1

[Event "Club Championships B Grade"]
[Site "Wellington Chess Club"]
[Date "2020.10.29"]
[Round "5.9"]
[White "Chen, Wei Kai"]
[Black "Langford, Josh"]
[Result "1-0"]
[WhiteElo "1931"]
[BlackElo "1413"]

1. b3 e5 2. Bb2 Nc6 3. e3 d5 4. Nf3 Bd6 5. c4 Nf6 6. cxd5 Nxd5 7. Nc3 Nxc3 8.
Bxc3 Bg4 9. Be2 O-O 10. O-O Qd7 11. d4 exd4 12. Nxd4 Bxe2 13. Qxe2 Nxd4 14.
Bxd4 Rfe8 15. Qf3 c6 16. Rfd1 Qc7 17. h3 Rad8 18. Rac1 Be5 19. Rc4 Qd6 20. Rdc1
Qa3 21. Bxe5 Rxe5 22. R1c2 Red5 23. Ra4 Qd6 24. g3 Rd1+ 25. Kg2 Qg6 26. Qe4 Qf6
27. Rxa7 Qa1 28. Rxb7 Rh1 29. Rd2 Rc8 30. Qe7 Rg1+ 31. Kf3 Rxg3+ 32. Ke2 Rxe3+
33. fxe3 1-0

[Event "Club Championships B Grade"]
[Site "Wellington Chess Club"]
[Date "2020.10.29"]
[Round "5.10"]
[White "Kibblewhite, Daniel"]
[Black "Rudykh, Dmitry"]
[Result "1-0"]
[WhiteElo "1640"]
[BlackElo "1500"]

1. d4 e6 2. e4 h6 3. c4 a6 4. f4 Nf6 5. Nc3 c6 6. e5 Ng8 7. Nf3 Ne7 8. Bd3 Qa5
9. Bd2 Qb6 10. Ne4 Nf5 11. Bc3 Qc7 12. Qd2 a5 13. g4 Ne7 14. Nd6+ Kd8 15. Nxf7+
Ke8 16. Nxh8 d6 17. Ng6 b5 18. Nxf8 Kxf8 19. c5 dxc5 20. dxc5 Ba6 21. Nd4 b4
22. Nxe6+ Kg8 23. Nxc7 Ra7 24. Nxa6 bxc3 25. Qxc3 Nxa6 26. Qxa5 Ra8 27. Bxa6
Rf8 28. f5 Nd5 29. Bc4 Kh8 30. Bxd5 cxd5 31. O-O-O 1-0

[Event "Club Championships B Grade"]
[Site "Wellington Chess Club"]
[Date "2020.10.29"]
[Round "5.11"]
[White "Hurndell, Robert"]
[Black "Cameron, Will"]
[Result "1/2-1/2"]
[WhiteElo "1623"]
[BlackElo "1315"]

1. e4 e6 2. d4 d5 3. Nd2 Nf6 4. e5 Nfd7 5. Bd3 c5 6. c3 Nc6 7. Ndf3 Qb6 8. Ne2
cxd4 9. cxd4 Bb4+ 10. Bd2 Bxd2+ 11. Qxd2 Qb4 12. O-O Qxd2 13. Nxd2 f6 14. f4 f5
15. a3 Nb6 16. b4 Bd7 17. Nb3 Ke7 18. Nc5 Be8 19. Nxb7 Bh5 20. Rac1 Bxe2 21.
Bxe2 Nxd4 22. Rc7+ Nd7 23. Bd3 Rhc8 24. Rfc1 Rxc7 25. Rxc7 Ke8 26. Kf2 a6 27.
Ke3 Nb5 28. Bxb5 axb5 29. Nd6+ Kd8 30. Rc3 Nb6 31. Nxb5 Nc4+ 32. Kd4 Kd7 33.
Rg3 Kc6 34. Nd6 Nxd6 35. exd6 Kxd6 36. Rxg7 Rxa3 37. Rxh7 Rb3 38. h4 Rxb4+
1/2-1/2

[Event "Club Championships B Grade"]
[Site "Wellington Chess Club"]
[Date "2020.10.29"]
[Round "5.12"]
[White "Guthrie, Milo"]
[Black "Lanaquera, Abraham"]
[Result "0-1"]
[WhiteElo "1500"]
[BlackElo "1500"]

1. d4 d5 2. Bf4 Nf6 3. e3 e6 4. Nf3 c5 5. c3 c4 6. Nbd2 Nc6 7. h3 h6 8. Be2 Bd6
9. Ne5 O-O 10. Bh2 Nd7 11. Nxc6 bxc6 12. Bxd6 Re8 13. Bh2 c5 14. O-O cxd4 15.
exd4 Qb6 16. b3 cxb3 17. axb3 a5 18. b4 e5 19. Nf3 exd4 20. Nxd4 Bb7 21. Bb5
Red8 22. Bxd7 Rxd7 23. Re1 Rdd8 24. bxa5 Rxa5 25. Rxa5 Qxa5 26. Qb3 Ba8 27. Qb4
Qa6 28. Qe7 Rc8 29. Qd7 Bc6 30. Nxc6 Qxc6 31. Re8+ Rxe8 0-1

[Event "Club Championships B Grade"]
[Site "Wellington Chess Club"]
[Date "2020.10.29"]
[Round "5.13"]
[White "Yu, Johnson"]
[Black "Loke, Kayden"]
[Result "0-1"]
[WhiteElo "1193"]
[BlackElo "1500"]

1. e4 e5 2. Nf3 Nc6 3. Bc4 Bc5 4. O-O Nf6 5. Re1 O-O 6. h3 d6 7. c3 Be6 8. Bb5
a6 9. Ba4 b5 10. Bc2 Bb6 11. d4 Bd7 12. Be3 Nh5 13. Ng5 Nf4 14. Bxf4 exf4 15.
Qh5 h6 16. e5 Qxg5 17. Qxg5 hxg5 18. Nd2 Rae8 19. Ne4 Bf5 20. Nf6+ gxf6 21.
Bxf5 Nxd4 22. cxd4 Bxd4 23. exd6 cxd6 24. Red1 Bxb2 25. Rab1 Ba3 26. Rxd6 Bxd6
0-1

[Event "Club Championships B Grade"]
[Site "Wellington Chess Club"]
[Date "2020.10.29"]
[Round "5.14"]
[White "Cooke, Xandi"]
[Black "Dixon, Hamish"]
[Result "0-1"]
[WhiteElo "1444"]
[BlackElo "1679"]

1. d4 Nf6 2. c4 g6 3. Nc3 Bg7 4. e4 d6 5. Nf3 O-O 6. Be2 c5 7. d5 Re8 8. O-O e6
9. Re1 exd5 10. exd5 Nbd7 11. Bf4 Ne5 12. h3 a6 13. Bd3 Nh5 14. Nxe5 Nxf4 15.
Nf3 Rxe1+ 16. Nxe1 Qg5 17. Qf3 Bxh3 18. Ne4 Qg4 19. Qxg4 Bxg4 20. Nxd6 b6 21.
Rb1 Nxd3 22. Nxd3 Rd8 23. Ne4 Be2 24. Nf4 Bxc4 25. d6 Bd4 26. Rc1 Bxa2 27. Nd5
Bxd5 28. Re1 Bxb2 0-1

[Event "Club Championships B Grade"]
[Site "Wellington Chess Club"]
[Date "2020.10.29"]
[Round "5.15"]
[White "Adair, Danny"]
[Black "Stannard, Lars"]
[Result "1-0"]
[WhiteElo "1500"]
[BlackElo "1552"]

1. e4 e5 2. Nf3 Nc6 3. Bc4 Bc5 4. c3 d6 5. d4 exd4 6. cxd4 Bb4+ 7. Nc3 Bg4 8.
h3 Bxf3 9. Qxf3 Nf6 10. Be3 O-O 11. O-O h6 12. a3 Bxc3 13. bxc3 Re8 14. Bd3 Qe7
15. Rfe1 Nh7 16. Qg3 Qf6 17. f4 Qg6 18. Qf3 Re7 19. d5 Na5 20. Bd4 f6 21. e5 f5
22. g4 fxg4 23. hxg4 Qe8 24. Rab1 a6 25. e6 b5 26. Qe4 Nf6 27. Bxf6 gxf6 28.
Kg2 Qf8 29. Kf3 Nc4 30. Bxc4 bxc4 31. Qxc4 f5 32. gxf5 Qxf5 33. Rg1+ Kh7 34.
Qe4 Qxe4+ 35. Kxe4 Rf8 36. f5 Rf6 37. Rb8 Rg7 38. Rxg7+ Kxg7 39. Rc8 Rf8 40.
Rxc7+ Kf6 41. Rd7 Kg5 42. Rf7 Re8 43. e7 h5 44. f6 Kg6 45. Rf8 1-0